<?xml version="1.0" encoding="UTF-8"?>
<record
    xmlns:xsi="http://www.w3.org/2001/XMLSchema-instance"
    xsi:schemaLocation="http://www.loc.gov/MARC21/slim http://www.loc.gov/standards/marcxml/schema/MARC21slim.xsd"
    xmlns="http://www.loc.gov/MARC21/slim">

  <leader>02815nam a22002894a 4500</leader>
  <controlfield tag="003">BOLpUSFA</controlfield>
  <controlfield tag="005">20220725202956.0</controlfield>
  <controlfield tag="008">      t        bo do  grm    001 u spa u</controlfield>
  <datafield tag="040" ind1=" " ind2=" ">
    <subfield code="a">BOLpUSFA</subfield>
  </datafield>
  <datafield tag="041" ind1=" " ind2=" ">
    <subfield code="a">spa</subfield>
  </datafield>
  <datafield tag="044" ind1=" " ind2=" ">
    <subfield code="a">bol</subfield>
  </datafield>
  <datafield tag="082" ind1=" " ind2=" ">
    <subfield code="a">PSI0001</subfield>
    <subfield code="b">F397r T</subfield>
  </datafield>
  <datafield tag="100" ind1=" " ind2=" ">
    <subfield code="a">Fern&#xE1;ndez Reyes, Nury Andrea</subfield>
  </datafield>
  <datafield tag="245" ind1=" " ind2=" ">
    <subfield code="a">Relaci&#xF3;n entre la depresi&#xF3;n posparto y los factores socio-demogr&#xE1;ficos en mujeres asistidas en el Hospital de San Borja &#x2013; Beni</subfield>
  </datafield>
  <datafield tag="260" ind1=" " ind2=" ">
    <subfield code="a">La Paz: </subfield>
    <subfield code="b">Universidad Privada San Francisco de As&#xED;s, Carrera de Psicolog&#xED;a, </subfield>
    <subfield code="c">2012</subfield>
  </datafield>
  <datafield tag="300" ind1=" " ind2=" ">
    <subfield code="a">133 p. </subfield>
    <subfield code="b">Tapa dura</subfield>
    <subfield code="c">29 cm. </subfield>
  </datafield>
  <datafield tag="502" ind1=" " ind2=" ">
    <subfield code="a">Tesis de Grado presentada para optar el Grado Acad&#xE9;mico de Licenciatura en Psicolog&#xED;a &#x2013; Universidad Privada San Francisco de As&#xED;s, La Paz, 2012. &#x2013; Tutor: Dra. Norma Barrenechea Cueto

</subfield>
  </datafield>
  <datafield tag="520" ind1=" " ind2=" ">
    <subfield code="a">La presente investigaci&#xF3;n se realiz&#xF3; en el Municipio de San Borja debido a que se cont&#xF3; con la colaboraci&#xF3;n de la Instituci&#xF3;n para realizar esta investigaci&#xF3;n, ya que el tema elegido denot&#xF3; el inter&#xE9;s por parte del plantel m&#xE9;dico como tambi&#xE9;n la predisposici&#xF3;n de las mujeres que participaron de la investigaci&#xF3;n.
La importancia de un adecuado control prenatal y perinatal, a fin de identificar de forma oportuna aquellas patolog&#xED;as mentales que afectan directamente a la madre, as&#xED; como la intervenci&#xF3;n de factores sociodemogr&#xE1;ficos como: edad, el estado civil, n&#xFA;mero de hijos, utilizaci&#xF3;n de m&#xE9;todos anticonceptivos podr&#xED;an incidir sobre el grado de depresi&#xF3;n de las mujeres asistidas para dar a luz en el Hospital de San Borja.
Por tanto el presente trabajo de investigaci&#xF3;n se basar&#xE1; b&#xE1;sicamente en: Detectar el porcentaje de depresi&#xF3;n posparto en mujeres pu&#xE9;rperas que fueron asistidas en el Hospital de San Borja &#x2013; Beni.
Las participantes, pertenecientes a este Municipio, fueron mujeres en etapa de posparto, se obtuvo una muestra de 161 pacientes, sin embargo solo 109 cumplieron los criterios de inclusi&#xF3;n. El instrumento utilizado para esta investigaci&#xF3;n fue el Cuestionario Postnatal de Edimburgo. El m&#xE9;todo utilizado es cuantitativo, realizando un estudio descriptivo a partir de un an&#xE1;lisis estad&#xED;stico.
Los resultados reflejaron que los s&#xED;ntomas depresivos que m&#xE1;s predominaron en la investigaci&#xF3;n fueron: angustia, tristeza, sentimientos de culpa y ansiedad, los cuales se presentan en mayor porcentaje en mujeres adolescentes, solteras y primerizas. Por otro lado se identific&#xF3; que la mayor&#xED;a de las mujeres atraviesan por una Disforia Posparto o Baby Blues.

</subfield>
  </datafield>
  <datafield tag="650" ind1=" " ind2=" ">
    <subfield code="a">Psicolog&#xED;a</subfield>
  </datafield>
  <datafield tag="650" ind1=" " ind2=" ">
    <subfield code="a">Depresi&#xF3;n posparto</subfield>
  </datafield>
  <datafield tag="650" ind1=" " ind2=" ">
    <subfield code="a">Disforia</subfield>
  </datafield>
  <datafield tag="651" ind1=" " ind2=" ">
    <subfield code="a">San Borja, Beni</subfield>
  </datafield>
  <datafield tag="653" ind1=" " ind2=" ">
    <subfield code="a">Mujeres embarazadas</subfield>
  </datafield>
  <datafield tag="653" ind1=" " ind2=" ">
    <subfield code="a">Depresi&#xF3;n postnatal Edimburgo</subfield>
  </datafield>
  <datafield tag="942" ind1=" " ind2=" ">
    <subfield code="2">ddc</subfield>
    <subfield code="c">TE</subfield>
    <subfield code="z">JC</subfield>
  </datafield>
  <datafield tag="999" ind1=" " ind2=" ">
    <subfield code="c">949</subfield>
    <subfield code="d">949</subfield>
  </datafield>
  <datafield tag="952" ind1=" " ind2=" ">
    <subfield code="0">0</subfield>
    <subfield code="1">0</subfield>
    <subfield code="2">ddc</subfield>
    <subfield code="4">0</subfield>
    <subfield code="7">0</subfield>
    <subfield code="8">2</subfield>
    <subfield code="a">BVZ</subfield>
    <subfield code="b">BVZ</subfield>
    <subfield code="c">3</subfield>
    <subfield code="d">2021-06-30</subfield>
    <subfield code="e">4</subfield>
    <subfield code="g">1.00</subfield>
    <subfield code="l">0</subfield>
    <subfield code="o">PSI0001 F397r T</subfield>
    <subfield code="p">BVZ00111</subfield>
    <subfield code="r">2021-06-30</subfield>
    <subfield code="w">2021-06-30</subfield>
    <subfield code="y">TE</subfield>
  </datafield>
</record>
